000 00614nam a2200181Ia 4500
008 090124s9999 xx 000 0 und d
082 _b46719
100 _aपालकर सुनंदा
245 _a प्रयोग करूया विज्ञानाचे
250 _a1
260 _c2007
300 _a104
600 _aपालकर सुनंदा
630 _a प्रयोग करूया विज्ञानाचे
700 _aपालकर सुनंदा
730 _a प्रयोग करूया विज्ञानाचे
942 _cBOOK
999 _c112928
_d112928